000 00264nam a2200097Ia 4500
001 985778
005 20250826221049.0
008 250824s9999 xx 000 0 und d
245 0 _aSİHİRLİ AĞAÇ EVİ- KURTAR BİZİ MAMUT
_cMARY POPE OSBORNE
260 _bDOMİNGO
999 _c985778
_d985778